000 00567nam a2200193Ia 4500
008 151121s9999||||xx |||||||||||||| ||und||
082 _a811/जोशी
082 _bHNW-43890
100 _aजोशी प्रभाकर
245 _aअश्रू
260 _b"रविंद्र प्रकाशन, सोलापूर।"
260 _c--
300 _a64
600 _aजोशी प्रभाकर
630 _aअश्रू
700 _aजोशी प्रभाकर
730 _aअश्रू
942 _cBOOK
999 _c1231812
_d1231809